| 000 | 00617 a2200193 4500 | ||
|---|---|---|---|
| 999 |
_c5810 _d5810 |
||
| 010 | _aENG-87053 | ||
| 020 |
_a0070660484 _c250.00 |
||
| 035 | _aEN-70586 | ||
| 037 | _bDBAD / PUB | ||
| 082 | 1 | 4 | _a511.3 |
| 100 | _aMartin, John c. | ||
| 245 | 1 |
_aIntroduction to languages and the theory of computation / _cby John C. Martin |
|
| 250 | _a3rd ed | ||
| 260 |
_aNew Delhi _bTata McGraw-Hill Publishing _c2007 |
||
| 270 |
_a7, West Patel Nagar _bNew Delhi _e110 008 |
||
| 300 |
_axiii, 543p _c24cm (pbk) |
||
| 500 | _aincludes bibliographical references and index | ||
| 942 |
_adpl _cEN _2ddc _h511.3 _mMAR |
||